PT: Plataformes Tecnològiques

Saved in:
Bibliografiske detaljer
Institution som forfatter: Parc Científic de Barcelona (Author)
Format: Bog
Sprog:catalansk
Udgivet: Barcelona Parc Científic de Barcelona 2007
Fag:
Tags: Tilføj Tag
Ingen Tags, Vær først til at tagge denne postø!

MARC

LEADER 00000nam a2200000 a 4500
001 UCH8673
003 CL-VaPUC
008 091203e20070000SP |||||||||||||||||cat|d
082 0 4 |a 607.2  |b PAR  |2 21 
110 2 |a Parc Científic de Barcelona  |e author  |9 545377 
245 1 0 |a PT: Plataformes Tecnològiques 
300 |a 58 p 
942 |c BK 
945 |d 20091203 00:00:00  |a cmena 
260 |a Barcelona  |b Parc Científic de Barcelona  |c 2007 
600 0 7 |a UNIVERSIDAD DE BARCELONA  |2 CL-VaPUC  |9 545378 
650 7 |a PARQUES TECNOLOGICOS  |2 CL-VaPUC  |9 545379 
650 0 |a Investigación científica  |9 259857 
650 7 |a LABORATORIOS  |2 CL-VaPUC  |9 264068 
650 7 |a INNOVACIONES TECNOLOGICAS  |2 CL-VaPUC  |9 545380 
651 0 |a España  |9 254926 
583 |a last modification  |c 20091203 00:00:00  |k Rodrigo Vera 
999 |c 338865  |d 338863 
952 |0 0  |1 0  |4 0  |6 607_200000000000000_PAR_2007  |7 0  |8 C  |9 432076  |a BIBCUR  |b BIBCUR  |d 2019-11-22  |i 4582136  |o 607.2 PAR 2007  |p 4582136  |r 2025-04-22  |w 2019-11-22  |y BK  |k IDI